[Event "Quebec-ch classe"]
[Site "Montreal CAN"]
[Date "1996.10.13"]
[Round "5"]
[White "Linskiy, Oleg"]
[Black "Moisan-Plante, Marc-Olivier"]
[Result "1-0"]
[WhiteElo "2335"]
[BlackElo "2135"]
[PlyCount "41"]
[EventDate "1996.10.11"]
[EventType "swiss"]
[EventRounds "5"]
[EventCountry "CAN"]

1. e4 e5 2. Nf3 d6 3. d4 exd4 4. Qxd4 Nf6 5. b3 Be7 6. Nc3 O-O 7. Bb2 Nc6 8.
Qd2 Re8 9. O-O-O Bf8 10. Bc4 Be6 11. Bd5 g6 12. h3 Bg7 13. g4 Nd7 14. Rdg1 Nde5
15. Ne1 g5 16. Ne2 a5 17. f4 gxf4 18. Nxf4 Nb4 19. a3 Nbc6 20. Nh5 Qd7 21. Qg5
1-0

[Event "Quebec-ch intercoll."]
[Site "Rimouski CAN"]
[Date "1996.04.05"]
[Round "1"]
[White "Guenette, Bruno"]
[Black "Charest, Johanne"]
[Result "0-1"]
[WhiteElo "1491"]
[BlackElo "1889"]
[PlyCount "48"]
[EventDate "1996.04.05"]
[EventType "swiss"]
[EventRounds "6"]
[EventCountry "CAN"]

1. d4 d5 2. c4 e6 3. Nc3 c5 4. Nf3 Nc6 5. e3 Nf6 6. Be2 Bd6 7. O-O O-O 8. Qc2
b6 9. Rd1 Bb7 10. Bd2 Rc8 11. cxd5 exd5 12. dxc5 bxc5 13. Rac1 Nb4 14. Qb1 Bb8
15. a3 Na6 16. Nb5 Re8 17. Bd3 Ne4 18. Bc3 Qe7 19. Bxe4 dxe4 20. Nd2 Rc6 21.
Qxe4 Re6 22. Qd3 Qh4 23. Nf1 Rg6 24. Ng3 Rh6 0-1

[Event "Quebec-ch intercoll."]
[Site "Rimouski CAN"]
[Date "1996.04.05"]
[Round "1"]
[White "Lecomte, Andre"]
[Black "Fleury, Nicolas"]
[Result "1-0"]
[WhiteElo "1914"]
[BlackElo "1520"]
[PlyCount "59"]
[EventDate "1996.04.05"]
[EventType "swiss"]
[EventRounds "6"]
[EventCountry "CAN"]

1. e4 e5 2. Nf3 Nf6 3. Nxe5 d6 4. Nf3 Nxe4 5. d4 d5 6. Bd3 Be7 7. O-O Nc6 8. c4
Nb4 9. Be2 O-O 10. Nc3 Re8 11. a3 Nc6 12. Nxd5 f6 13. Bf4 Bd6 14. Bxd6 Nxd6 15.
Ne3 Nf5 16. Nxf5 Bxf5 17. d5 Ne5 18. Rc1 Qe7 19. Nd4 Bd7 20. f4 Nf7 21. Bd3 Qc5
22. Kh1 g6 23. Bb1 f5 24. b4 Qd6 25. g3 Nh6 26. Qd2 c6 27. Ba2 Re4 28. Ne6 Bxe6
29. c5 Bxd5 30. cxd6 1-0

[Event "Quebec-ch intercoll."]
[Site "Rimouski CAN"]
[Date "1996.04.05"]
[Round "2"]
[White "Bergeron, Richard"]
[Black "Lecomte, Andre"]
[Result "1-0"]
[WhiteElo "1604"]
[BlackElo "1914"]
[PlyCount "67"]
[EventDate "1996.04.05"]
[EventType "swiss"]
[EventRounds "6"]
[EventCountry "CAN"]

1. e4 c5 2. Nf3 Nc6 3. d4 cxd4 4. Nxd4 Nf6 5. Nc3 e5 6. Nf3 Bb4 7. Bd3 O-O 8.
Bd2 d5 9. Nxd5 Nxd5 10. exd5 Qxd5 11. Qe2 Bxd2+ 12. Nxd2 Be6 13. O-O Qd7 14.
Rad1 Qc7 15. Ne4 h6 16. Qh5 Nb4 17. Ng5 Nxd3 18. Nxe6 fxe6 19. Rxd3 Qxc2 20.
Rd7 Qf5 21. Qxf5 exf5 22. Rxb7 Rfb8 23. Rxb8+ Rxb8 24. b3 Kf7 25. Rc1 Rb7 26.
Rc6 Rd7 27. g3 Ke7 28. Kg2 e4 29. Kf1 Kf7 30. Ke2 g6 31. h4 Re7 32. h5 gxh5 33.
Rxh6 Rc7 34. Rh7+ 1-0

[Event "Quebec-ch intercoll."]
[Site "Rimouski CAN"]
[Date "1996.04.05"]
[Round "2"]
[White "Charest, Johanne"]
[Black "Pregent, Daniel"]
[Result "0-1"]
[WhiteElo "1889"]
[BlackElo "1566"]
[PlyCount "56"]
[EventDate "1996.04.05"]
[EventType "swiss"]
[EventRounds "6"]
[EventCountry "CAN"]

1. e4 e5 2. Nf3 Nc6 3. Bc4 Nf6 4. d4 exd4 5. O-O Be7 6. e5 Ng4 7. Re1 d5 8.
exd6 Qxd6 9. Bb5 Bd7 10. Qe2 d3 11. cxd3 Nd4 12. Bxd7+ Kxd7 13. Qe4 Nxf3+ 14.
Qxf3 Qxh2+ 15. Kf1 Qh5 16. Bf4 Rhe8 17. Nc3 Bd6 18. Ne4 f5 19. Bxd6 fxe4 20.
Rxe4 Rxe4 21. Qxe4 Re8 22. Qa4+ c6 23. Kg1 Kxd6 24. Qb4+ Kc7 25. Qf4+ Kc8 26.
Rc1 Nf6 27. Qd6 Qf7 28. Qd4 Qxa2 0-1

[Event "Quebec-ch intercoll."]
[Site "Rimouski CAN"]
[Date "1996.04.06"]
[Round "3"]
[White "Arbour-Lasalle, Talusier"]
[Black "Livernoche, Stephane"]
[Result "0-1"]
[WhiteElo "1267"]
[BlackElo "1377"]
[PlyCount "155"]
[EventDate "1996.04.05"]
[EventType "swiss"]
[EventRounds "6"]
[EventCountry "CAN"]

1. d4 d5 2. c4 e6 3. Nc3 c5 4. e3 Nf6 5. Nf3 cxd4 6. exd4 Bb4 7. Bg5 Qa5 8. Qc2
Ne4 9. Bd2 Nxd2 10. Nxd2 Nc6 11. Nb3 Qc7 12. a3 Ba5 13. Nxa5 Qxa5 14. Qd1 Bd7
15. b4 Qc7 16. Nb5 Qf4 17. Qc1 Qb8 18. cxd5 exd5 19. Qe3+ Be6 20. Rc1 O-O 21.
Bd3 Re8 22. O-O a6 23. Nc3 Qa7 24. Qg5 Qxd4 25. Rfd1 Qe5 26. Qh4 Bf5 27. Bxf5
Qxf5 28. Rxd5 Qc2 29. Rdd1 Qg6 30. Nd5 Qd6 31. Qh3 Rad8 32. Qb3 Nd4 33. Rxd4
Qe6 34. Qc4 b5 35. Nf6+ Qxf6 36. Rxd8 Qxd8 37. Qc6 Re6 38. Qc8 Rd6 39. Qxd8+
Rxd8 40. g3 Kf8 41. Rc6 Ra8 42. Kg2 Ra7 43. h4 Ke8 44. f4 h5 45. Kf3 f5 46.
Rc8+ Kf7 47. Rh8 Kg6 48. Rf8 Rd7 49. Ke2 Re7+ 50. Kf3 Re6 51. Kf2 Rc6 52. Ra8
Kf7 53. Ra7+ Kf6 54. Ke1 Rd6 55. Ke2 g6 56. Ra8 Ke6 57. Re8+ Kd5 58. Re3 Kc4
59. Kf2 Rd2+ 60. Ke1 Rd3 61. Re6 Rxg3 62. Rxa6 Rg4 63. Ke2 Rxf4 64. Rxg6 Rxh4
65. Rg3 Re4+ 66. Kd2 Rd4+ 67. Kc2 Kd5 68. Rg5 Ke4 69. Rxh5 Rd5 70. Rh3 f4 71.
Rh1 f3 72. Re1+ Kf4 73. Rf1 Kg3 74. Rg1+ Kf2 75. Rh1 Ke2 76. Rh2+ f2 77. Rh6
Rd2+ 78. Kc3 0-1

[Event "Quebec-ch intercoll."]
[Site "Rimouski CAN"]
[Date "1996.04.06"]
[Round "3"]
[White "McDonough, Jonathan"]
[Black "Vezeau, Patrice"]
[Result "0-1"]
[WhiteElo "1787"]
[BlackElo "1410"]
[PlyCount "100"]
[EventDate "1996.04.05"]
[EventType "swiss"]
[EventRounds "6"]
[EventCountry "CAN"]

1. d4 Nf6 2. Nf3 g6 3. g3 Bg7 4. Bg2 O-O 5. O-O d6 6. c4 Nbd7 7. Nc3 e5 8. e4
exd4 9. Nxd4 Ne5 10. b3 Bg4 11. Qc2 Qd7 12. f4 Nc6 13. Nxc6 bxc6 14. Bb2 Bh3
15. Rad1 Bxg2 16. Qxg2 Rfe8 17. c5 Qe7 18. cxd6 cxd6 19. Rfe1 d5 20. Qc2 Qc5+
21. Qf2 Qxf2+ 22. Kxf2 Nxe4+ 23. Nxe4 Bxb2 24. Ng5 Bc3 25. Rf1 Re7 26. Nf3 Rae8
27. Kg2 Re4 28. Rf2 f6 29. Rd3 d4 30. a3 a5 31. b4 axb4 32. axb4 Rb8 33. Nd2
Bxd2 34. Rfxd2 Rxb4 35. Kf3 f5 36. Rc2 Re6 37. h3 Kf7 38. g4 Rd6 39. h4 Rb5 40.
Rc1 Ra5 41. gxf5 Rxf5 42. Ra1 Rd7 43. Ra6 c5 44. Rc6 Ke7 45. Rd1 d3 46. Ke3
Rfd5 47. Kd2 Kd8 48. Kc3 Rc7 49. Rf6 c4 50. Rb6 Rh5 0-1

[Event "Quebec-ch intercoll."]
[Site "Rimouski CAN"]
[Date "1996.04.06"]
[Round "3"]
[White "Nesteruk, Derek"]
[Black "Charest, Johanne"]
[Result "0-1"]
[WhiteElo "1607"]
[BlackElo "1889"]
[PlyCount "76"]
[EventDate "1996.04.05"]
[EventType "swiss"]
[EventRounds "6"]
[EventCountry "CAN"]

1. e4 e5 2. Nf3 Nc6 3. Bb5 Bc5 4. O-O Nd4 5. Nxd4 Bxd4 6. c3 Bb6 7. d4 c6 8.
Bc4 d6 9. Be3 Nf6 10. dxe5 dxe5 11. Qxd8+ Bxd8 12. Nd2 Ke7 13. Bc5+ Ke8 14.
Rfe1 b5 15. Bb3 Bb6 16. Bxb6 axb6 17. Nf3 Nd7 18. Ng5 Nc5 19. Bxf7+ Ke7 20. b4
Ne6 21. Bxe6 Bxe6 22. Nxe6 Kxe6 23. Red1 Rhd8 24. Rxd8 Rxd8 25. a3 Rd2 26. Kf1
Rc2 27. Ke1 h6 28. a4 bxa4 29. Rxa4 Rxc3 30. Kd2 Rc4 31. Kd3 Rd4+ 32. Kc3 g6
33. f4 c5 34. g3 Rxb4 35. Rxb4 cxb4+ 36. Kd3 exf4 37. gxf4 g5 38. f5+ Ke5 0-1

[Event "Quebec-ch intercoll."]
[Site "Rimouski CAN"]
[Date "1996.04.06"]
[Round "3"]
[White "Soudre, Nicolas"]
[Black "Bergeron, Richard"]
[Result "0-1"]
[WhiteElo "1854"]
[BlackElo "1604"]
[PlyCount "82"]
[EventDate "1996.04.05"]
[EventType "swiss"]
[EventRounds "6"]
[EventCountry "CAN"]

1. e4 c5 2. Nc3 d6 3. f4 Nf6 4. Nf3 Nc6 5. Bc4 g6 6. O-O Bg7 7. Qe1 O-O 8. d3
a6 9. Qh4 e6 10. Bd2 d5 11. Bb3 b5 12. exd5 exd5 13. a4 b4 14. Nd1 Be6 15. Ne3
Nh5 16. g4 Nxf4 17. Qxd8 Raxd8 18. Ng5 Ne2+ 19. Kg2 Bxb2 20. Rab1 Bg7 21. Nxe6
fxe6 22. Rxf8+ Rxf8 23. Nxd5 Ned4 24. Bc4 Na5 25. Ne3 Nxc4 26. dxc4 Bh6 27. Rd1
Rf3 28. Nf1 Bxd2 29. Rxd2 Rc3 30. Rd1 Rxc2+ 31. Kh3 Rxc4 32. Ng3 b3 33. Ne4 Ne2
34. Nd2 Rxa4 35. Kh4 Rd4 36. Kg5 b2 37. Kf6 Nc3 38. Re1 Rxd2 39. Rxe6 Rd8 40.
Ke7 Rb8 41. Kf6 b1=Q 0-1

[Event "Quebec-ch intercoll."]
[Site "Rimouski CAN"]
[Date "1996.04.06"]
[Round "4"]
[White "Bergeron, Dominic"]
[Black "Soudre, Nicolas"]
[Result "0-1"]
[WhiteElo "1686"]
[BlackElo "1854"]
[PlyCount "60"]
[EventDate "1996.04.05"]
[EventType "swiss"]
[EventRounds "6"]
[EventCountry "CAN"]

1. d4 d5 2. Nf3 e6 3. c4 Nf6 4. Nc3 Be7 5. Bg5 h6 6. Bh4 O-O 7. e3 Ne4 8. Bxe7
Qxe7 9. Qc2 c6 10. Nxe4 dxe4 11. Qxe4 Qb4+ 12. Nd2 Qxb2 13. Qb1 Qxb1+ 14. Rxb1
Nd7 15. Ne4 b6 16. f4 Nf6 17. Nxf6+ gxf6 18. Be2 Bb7 19. Bf3 Rad8 20. Kf2 Rfe8
21. Rbd1 e5 22. h4 Re6 23. g4 Red6 24. fxe5 fxe5 25. dxe5 Rd2+ 26. Kg3 Ba6 27.
Rxd2 Rxd2 28. a4 c5 29. Bd5 Rc2 30. Rf1 Bxc4 0-1

[Event "Quebec-ch intercoll."]
[Site "Rimouski CAN"]
[Date "1996.04.06"]
[Round "4"]
[White "Charest, Johanne"]
[Black "Vezeau, Patrice"]
[Result "0-1"]
[WhiteElo "1889"]
[BlackElo "1410"]
[PlyCount "37"]
[EventDate "1996.04.05"]
[EventType "swiss"]
[EventRounds "6"]
[EventCountry "CAN"]

1. e4 c5 2. Nc3 Nc6 3. g3 g6 4. d3 Bg7 5. Bg2 d6 6. Be3 Nf6 7. f3 O-O 8. Qd2
Re8 9. Bh6 Bh8 10. h4 b5 11. g4 b4 12. Nd1 Nxg4 13. fxg4 Bxg4 14. Bf3 Be6 15.
h5 Nd4 16. hxg6 hxg6 17. Qh2 Qa5 18. Bf4 Nxc2+ 19. Kf1 0-1

[Event "Quebec-ch intercoll."]
[Site "Rimouski CAN"]
[Date "1996.04.06"]
[Round "4"]
[White "Livernoche, Stephane"]
[Black "Dayer, Karl"]
[Result "1-0"]
[WhiteElo "1377"]
[BlackElo "1075"]
[PlyCount "107"]
[EventDate "1996.04.05"]
[EventType "swiss"]
[EventRounds "6"]
[EventCountry "CAN"]

1. e4 Nc6 2. d4 e5 3. d5 Nce7 4. c4 d6 5. Nc3 Ng6 6. Be3 Nf6 7. Bd3 Bd7 8. Nf3
a6 9. a4 Be7 10. Ng5 Ng4 11. Nh3 Nxe3 12. fxe3 Bxh3 13. gxh3 Bh4+ 14. Kd2 O-O
15. Qf3 Qd7 16. Rhg1 Ne7 17. Rg4 Ng6 18. Rag1 Rae8 19. Qf5 Qe7 20. R1g2 Qf6 21.
Ne2 Re7 22. Ng1 Kh8 23. Nf3 Ree8 24. Be2 Rg8 25. Qh5 Rd8 26. Nxh4 Nxh4 27. Qxh4
Qxh4 28. Rxh4 g5 29. Rhg4 f6 30. Rf2 Kg7 31. h4 h6 32. hxg5 Kf7 33. g6+ Rxg6
34. Rxg6 Kxg6 35. Rg2+ Kh7 36. h4 c5 37. h5 Rf8 38. Bg4 Kh8 39. Bf5 Rf7 40. Rg6
b6 41. Rxh6+ Kg7 42. Rg6+ Kh8 43. Be6 Rf8 44. h6 a5 45. Rg7 f5 46. exf5 e4 47.
Rb7 Rf6 48. Rxb6 Rxh6 49. Bd7 Kg7 50. Ke2 Kf8 51. Be6 Ke7 52. b3 Kf6 53. Rxd6
Ke5 54. Rc6 1-0

[Event "Quebec-ch intercoll."]
[Site "Rimouski CAN"]
[Date "1996.04.07"]
[Round "5"]
[White "Baripani, Ahmad"]
[Black "Clermont, Louis-Philippe"]
[Result "1-0"]
[WhiteElo "1551"]
[BlackElo "1538"]
[PlyCount "101"]
[EventDate "1996.04.05"]
[EventType "swiss"]
[EventRounds "6"]
[EventCountry "CAN"]

1. e4 e5 2. Nf3 Nc6 3. Bb5 Bc5 4. c3 Nf6 5. d4 exd4 6. cxd4 Bb4+ 7. Bd2 Nxe4 8.
Bxc6 Bxd2+ 9. Nbxd2 Nxd2 10. Bxd7+ Bxd7 11. Qxd2 Qe7+ 12. Qe2 Qxe2+ 13. Kxe2
O-O-O 14. Kd2 Be6 15. Rhe1 Bd5 16. Kc3 Rhe8 17. a3 Rd6 18. Rxe8+ Kd7 19. Re3 a5
20. Rc1 f6 21. g3 Rc6+ 22. Kd2 Rb6 23. Rc2 Bb3 24. Rcc3 Bd5 25. Kc1 a4 26. Nd2
g5 27. h4 g4 28. f3 h5 29. fxg4 hxg4 30. Nf1 Kd6 31. Nh2 f5 32. Nf1 Bg2 33. Nd2
Bd5 34. Nc4+ Bxc4 35. Rxc4 Kd5 36. Rxa4 Rc6+ 37. Kd2 b5 38. Re5+ Kd6 39. Rb4
Rc4 40. Kd3 Rxb4 41. axb4 c6 42. Rxf5 Ke6 43. Rf4 Kd5 44. h5 c5 45. bxc5 b4 46.
b3 Kc6 47. h6 Kc7 48. h7 Kb7 49. Rf6 Kc7 50. h8=Q Kb7 51. Qg7+ 1-0

[Event "Quebec-ch intercoll."]
[Site "Rimouski CAN"]
[Date "1996.04.07"]
[Round "5"]
[White "Bergeron, Richard"]
[Black "Charest, Johanne"]
[Result "0-1"]
[WhiteElo "1604"]
[BlackElo "1889"]
[PlyCount "98"]
[EventDate "1996.04.05"]
[EventType "swiss"]
[EventRounds "6"]
[EventCountry "CAN"]

1. e4 e5 2. Nf3 Nc6 3. Bc4 Bc5 4. b4 Bxb4 5. c3 Ba5 6. d4 d6 7. dxe5 dxe5 8.
Qb3 Qe7 9. O-O Bb6 10. Ba3 Qf6 11. Rd1 Nge7 12. Rd3 O-O 13. Nbd2 Bg4 14. Rd1
Rfd8 15. Nf1 Rxd3 16. Rxd3 Ng6 17. Ne3 Bxf3 18. Nd5 Qg5 19. Rxf3 Na5 20. Qa4
Nxc4 21. Qxc4 Nf4 22. Rg3 Qh6 23. h3 Nxd5 24. exd5 Qf4 25. Qxf4 exf4 26. Rg4 f3
27. gxf3 Re8 28. Re4 Rxe4 29. fxe4 f6 30. Kg2 g5 31. Kg3 Kf7 32. f4 h6 33. e5
gxf4+ 34. Kxf4 fxe5+ 35. Kxe5 Bf2 36. Bc1 Be1 37. Bxh6 Bxc3+ 38. Kf5 Bf6 39.
Bf4 c5 40. d6 c4 41. Ke4 Ke6 42. Bg3 b5 43. Bf2 a6 44. Bc5 Bc3 45. a3 a5 46. h4
b4 47. axb4 axb4 48. Bd4 Bxd4 49. Kxd4 c3 0-1

[Event "Quebec-ch intercoll."]
[Site "Rimouski CAN"]
[Date "1996.04.07"]
[Round "5"]
[White "Bernatchez, Dan"]
[Black "Richard, Christian"]
[Result "1-0"]
[WhiteElo "1397"]
[BlackElo "1364"]
[PlyCount "67"]
[EventDate "1996.04.05"]
[EventType "swiss"]
[EventRounds "6"]
[EventCountry "CAN"]

1. d4 c5 2. d5 e6 3. c4 Nf6 4. Nc3 Be7 5. Nf3 O-O 6. e4 exd5 7. cxd5 d6 8. Bd3
Bg4 9. O-O Nbd7 10. Be2 Bxf3 11. Bxf3 Ne5 12. Bf4 Nfd7 13. Rc1 Bg5 14. Bxg5
Qxg5 15. Be2 a6 16. f4 Qh6 17. fxe5 Qe3+ 18. Kh1 Nxe5 19. Re1 Qd4 20. Qxd4 cxd4
21. Nb1 d3 22. Bf1 Rac8 23. Rc3 b5 24. Rec1 Rxc3 25. Rxc3 b4 26. Rc1 f5 27.
exf5 Rxf5 28. Kg1 Rf4 29. Rd1 Rd4 30. Nd2 Rxd5 31. Nf3 Nxf3+ 32. gxf3 Ra5 33.
Bxd3 Rxa2 34. Bc4+ 1-0

[Event "Quebec-ch intercoll."]
[Site "Rimouski CAN"]
[Date "1996.04.07"]
[Round "5"]
[White "Marineau, Remi"]
[Black "Tremblay, Etienne"]
[Result "1-0"]
[WhiteElo "1750"]
[BlackElo "1642"]
[PlyCount "47"]
[EventDate "1996.04.05"]
[EventType "swiss"]
[EventRounds "6"]
[EventCountry "CAN"]

1. e4 c5 2. d4 cxd4 3. Nf3 Nc6 4. Nxd4 Nf6 5. Nc3 e6 6. Bc4 Bb4 7. O-O Bxc3 8.
bxc3 Nxe4 9. Qg4 Nf6 10. Qxg7 Rg8 11. Qh6 Ne5 12. Be2 Rg6 13. Qh4 Qc7 14. Nb5
Qc6 15. Bg5 h6 16. Nd4 hxg5 17. Qh8+ Rg8 18. Qxf6 Qc5 19. Bh5 Ng6 20. Rfe1 Qxc3
21. Bxg6 fxg6 22. Rad1 Qc5 23. Nxe6 dxe6 24. Rd8# 1-0

[Event "Quebec-ch intercoll."]
[Site "Rimouski CAN"]
[Date "1996.04.07"]
[Round "5"]
[White "Ouellet, Christian"]
[Black "Guerrera, Bruno"]
[Result "0-1"]
[WhiteElo "1276"]
[BlackElo "1502"]
[PlyCount "56"]
[EventDate "1996.04.05"]
[EventType "swiss"]
[EventRounds "6"]
[EventCountry "CAN"]

1. e4 c5 2. Nf3 e6 3. d4 cxd4 4. Nxd4 Nf6 5. Nc3 d6 6. Bg5 Be7 7. Be2 Nc6 8.
Nf3 Bd7 9. O-O Qc7 10. h3 a6 11. Re1 Rc8 12. Rc1 O-O 13. a3 h6 14. Bh4 Rcd8 15.
Nh2 Rfe8 16. f4 Na5 17. b3 Qxc3 18. Ng4 Nxg4 19. Bxe7 Qc5+ 20. Kh1 Nf2+ 21. Kh2
Nxd1 22. Bxd6 Qxd6 23. Rexd1 Qxf4+ 24. Kg1 Qe3+ 25. Kf1 Nxb3 26. Rxd7 Nxc1 27.
Bh5 g6 28. Bf3 Rxd7 0-1

[Event "Quebec-ch intercoll."]
[Site "Rimouski CAN"]
[Date "1996.04.07"]
[Round "5"]
[White "Vezeau, Patrice"]
[Black "Gago, Nelson"]
[Result "1-0"]
[WhiteElo "1410"]
[BlackElo "1413"]
[PlyCount "41"]
[EventDate "1996.04.05"]
[EventType "swiss"]
[EventRounds "6"]
[EventCountry "CAN"]

1. e4 c6 2. d4 d5 3. exd5 cxd5 4. c4 Nf6 5. Nc3 e6 6. Nf3 Be7 7. cxd5 Nxd5 8.
Bd3 O-O 9. O-O Nf6 10. Bg5 Nbd7 11. Ne5 Qa5 12. Re1 Nd5 13. Qh5 g6 14. Nxg6
hxg6 15. Bxg6 fxg6 16. Qxg6+ Kh8 17. Re4 Bxg5 18. Qh5+ Kg7 19. Rxe6 N5f6 20.
Re7+ Kg8 21. Qg6+ 1-0

[Event "Quebec-ch intercoll."]
[Site "Rimouski CAN"]
[Date "1996.04.07"]
[Round "5"]
[White "Vivier, Christian"]
[Black "Livernoche, Stephane"]
[Result "1/2-1/2"]
[WhiteElo "1327"]
[BlackElo "1377"]
[PlyCount "154"]
[EventDate "1996.04.05"]
[EventType "swiss"]
[EventRounds "6"]
[EventCountry "CAN"]

1. e4 c5 2. Nf3 e6 3. d4 cxd4 4. Nxd4 Nc6 5. Nb5 d5 6. exd5 exd5 7. Qxd5 Qe7+
8. Be3 Be6 9. Qg5 Nf6 10. Be2 a6 11. N5c3 h6 12. Qf4 Nb4 13. Na3 Nbd5 14. Nxd5
Nxd5 15. Qa4+ Bd7 16. Qb3 Nxe3 17. Qxe3 Qxe3 18. fxe3 Bc5 19. Nc4 b5 20. Ne5
Bxe3 21. Nxd7 Kxd7 22. Rf1 f6 23. Rf3 Rhe8 24. Rd1+ Kc7 25. Rd3 Bg1 26. h3 Re5
27. Kf1 Ra7 28. Kxg1 Rxe2 29. Rf2 Re1+ 30. Rf1 Re8 31. Kf2 Kc6 32. Rc3+ Kb6 33.
Re1 Rae7 34. Rxe7 Rxe7 35. Re3 Rd7 36. Ke2 Rd6 37. Re7 g5 38. g4 b4 39. Rh7 Kc5
40. Rxh6 Kd4 41. Rh7 Re6+ 42. Kf2 Rb6 43. Re7 Rd6 44. Rc7 a5 45. c3+ Ke4 46.
Rc4+ Kd3 47. Rc5 bxc3 48. Rxc3+ Ke4 49. Ke2 Rb6 50. b3 Kd4 51. Rc4+ Kd5 52. Kd3
Rb4 53. Kc3 Rb7 54. a3 Rh7 55. Rd4+ Kc6 56. Rd3 Rc7 57. Kd4 Kd6 58. Ke4+ Ke6
59. Kd4 Kd6 60. b4 Ke6 61. bxa5 Ra7 62. Kc4 Rxa5 63. Kb4 Re5 64. Rc3 f5 65.
gxf5+ Rxf5 66. Rc5 Rf4+ 67. Kb5 g4 68. hxg4 Rxg4 69. a4 Kd7 70. a5 Rg1 71. Kb6
Rb1+ 72. Ka7 Kd6 73. Rc2 Kd7 74. a6 Rb3 75. Ka8 Rb6 76. a7 Kd8 77. Rh2 Kc7
1/2-1/2

[Event "Quebec-ch intercoll."]
[Site "Rimouski CAN"]
[Date "1996.04.07"]
[Round "6"]
[White "Arbour-Lasalle, Talusier"]
[Black "Vivier, Christian"]
[Result "0-1"]
[WhiteElo "1267"]
[BlackElo "1327"]
[PlyCount "58"]
[EventDate "1996.04.05"]
[EventType "swiss"]
[EventRounds "6"]
[EventCountry "CAN"]

1. d4 Nf6 2. c4 c5 3. e3 cxd4 4. exd4 d5 5. Nc3 Nc6 6. Nf3 Bg4 7. Bg5 Bxf3 8.
gxf3 dxc4 9. Bxf6 exf6 10. d5 Ne5 11. Bxc4 Nxc4 12. Qa4+ Qd7 13. Qxc4 Rc8 14.
Qb5 Qxb5 15. Nxb5 a6 16. Nc3 Bb4 17. Rc1 Kd7 18. O-O b5 19. a3 Bxc3 20. bxc3
Rc4 21. Rfd1 Rhc8 22. Rd3 Kd6 23. Kg2 R4c5 24. Kf1 Rxd5 25. Rxd5+ Kxd5 26. Re1
Rxc3 27. Re7 Rxa3 28. Rxf7 b4 29. Rxg7 b3 0-1

[Event "Quebec-ch intercoll."]
[Site "Rimouski CAN"]
[Date "1996.04.07"]
[Round "6"]
[White "Bergeron, Dominic"]
[Black "Lecomte, Andre"]
[Result "0-1"]
[WhiteElo "1686"]
[BlackElo "1914"]
[PlyCount "109"]
[EventDate "1996.04.05"]
[EventType "swiss"]
[EventRounds "6"]
[EventCountry "CAN"]

1. d4 d5 2. c4 e6 3. Nc3 f5 4. cxd5 exd5 5. Bf4 c6 6. e3 Nf6 7. Nf3 Be7 8. Bd3
O-O 9. Qc2 Ne4 10. Ne5 Nd7 11. g4 Nxe5 12. Bxe5 Bh4 13. Rf1 Qg5 14. O-O-O Nxf2
15. Bf4 Nxd3+ 16. Qxd3 Qe7 17. gxf5 Bxf5 18. Qd2 b5 19. Qg2 b4 20. Na4 Qe4 21.
Qxe4 Bxe4 22. Nc5 Bf5 23. Rg1 Rf7 24. Rdf1 Be7 25. Be5 Raf8 26. Rf2 g6 27. Kd2
Bc8 28. Rxf7 Rxf7 29. Bf4 Kg7 30. Kc2 h6 31. Kb3 Kh7 32. Kxb4 g5 33. Bb8 Rf2
34. Kc3 a6 35. Bg3 Rf3 36. Kd2 h5 37. Nd3 h4 38. Ne5 Rf6 39. Be1 Kh6 40. Ng4+
Bxg4 41. Rxg4 Kh5 42. Rg1 g4 43. Ke2 Bd6 44. Rh1 Rf3 45. a3 Kg5 46. b4 Rh3 47.
Kf2 Rxh2+ 48. Rxh2 Bxh2 49. Kg2 Bd6 50. Bf2 g3 51. Kf3 gxf2 52. Kxf2 Kg4 53.
Kg2 h3+ 54. Kh1 Kf3 55. Kg1 0-1

[Event "Quebec-ch intercoll."]
[Site "Rimouski CAN"]
[Date "1996.04.07"]
[Round "6"]
[White "Charest, Johanne"]
[Black "Ragi, Christian"]
[Result "1/2-1/2"]
[WhiteElo "1889"]
[BlackElo "1649"]
[PlyCount "57"]
[EventDate "1996.04.05"]
[EventType "swiss"]
[EventRounds "6"]
[EventCountry "CAN"]

1. e4 e5 2. Nf3 Nc6 3. Bc4 Bc5 4. c3 Nf6 5. d4 exd4 6. cxd4 Bb4+ 7. Nc3 d5 8.
exd5 Nxd5 9. Bxd5 Qxd5 10. O-O Bxc3 11. bxc3 O-O 12. Re1 Bg4 13. Re3 Rae8 14.
Qb3 Bxf3 15. gxf3 Qg5+ 16. Kf1 Qh5 17. Kg2 Na5 18. Qa4 Re6 19. Ba3 Rxe3 20.
fxe3 Qg5+ 21. Kf2 Rd8 22. c4 Nc6 23. Qb5 Qh4+ 24. Kg2 Qh6 25. Re1 Qg6+ 26. Kf2
b6 27. Re2 h6 28. Qa4 a5 29. Qc2 1/2-1/2

[Event "Quebec-ch intercoll."]
[Site "Rimouski CAN"]
[Date "1996.04.07"]
[Round "6"]
[White "Kendall, Bertrand"]
[Black "Guerrera, Bruno"]
[Result "0-1"]
[WhiteElo "1304"]
[BlackElo "1502"]
[PlyCount "104"]
[EventDate "1996.04.05"]
[EventType "swiss"]
[EventRounds "6"]
[EventCountry "CAN"]

1. e4 c5 2. Nf3 e6 3. d4 cxd4 4. Nxd4 Nf6 5. Bg5 Be7 6. Bxf6 Bxf6 7. c3 Nc6 8.
Be2 d6 9. O-O a6 10. Nd2 Bd7 11. N2b3 Rc8 12. f4 Qb6 13. Kh1 O-O 14. f5 e5 15.
Nf3 Rfd8 16. h3 Na5 17. Rb1 Ba4 18. Nh2 Nxb3 19. axb3 Bxb3 20. Qe1 d5 21. Bf3
Bc4 22. Rg1 Ba2 23. Rd1 dxe4 24. Rxd8+ Rxd8 25. Bxe4 Bd5 26. Bxd5 Rxd5 27. b4
Rd8 28. Ng4 Re8 29. Qg3 e4 30. Re1 Qc6 31. c4 b5 32. cxb5 axb5 33. Re2 Kf8 34.
Re1 h5 35. Nxf6 Qxf6 36. Qf2 g6 37. Qc5+ Kg7 38. Qxb5 Re5 39. Qc4 gxf5 40. b5
Qb6 41. Rb1 e3 42. Qb3 f6 43. Qd3 f4 44. Qd7+ Kh6 45. Qc6 Qxc6 46. bxc6 Rc5 47.
Kg1 Rxc6 48. Kf1 Rc2 49. Re1 Rf2+ 50. Kg1 Rd2 51. Kf1 Kg5 52. Ra1 Kh4 0-1

[Event "Quebec-ch intercoll."]
[Site "Rimouski CAN"]
[Date "1996.04.07"]
[Round "6"]
[White "Livernoche, Stephane"]
[Black "Laroche, Olivier"]
[Result "1-0"]
[WhiteElo "1377"]
[BlackElo "1269"]
[PlyCount "97"]
[EventDate "1996.04.05"]
[EventType "swiss"]
[EventRounds "6"]
[EventCountry "CAN"]

1. e4 e6 2. d4 d5 3. Bd3 dxe4 4. Bxe4 Nf6 5. Bg5 Be7 6. Bxf6 Bxf6 7. c3 Nc6 8.
Bc2 Bd7 9. Nd2 Ne7 10. Ne4 Ng6 11. Nf3 Bc6 12. Qd3 Nf4 13. Qf1 a6 14. g3 Ng6
15. Qd3 Bb5 16. c4 Bc6 17. O-O O-O 18. Nxf6+ Qxf6 19. Ne5 Rfd8 20. h4 Nxe5 21.
dxe5 Qxe5 22. Qxh7+ Kf8 23. b3 Bf3 24. Rae1 Qf6 25. Re3 Ke7 26. Qf5 Qxf5 27.
Bxf5 Bc6 28. Rfe1 Rd2 29. a4 Rad8 30. Bh3 R2d3 31. Kf1 b5 32. cxb5 axb5 33. a5
b4 34. Rxd3 Bb5 35. Red1 Rxd3 36. Rxd3 Bxd3+ 37. Kg1 Kd8 38. Bf1 Bxf1 39. Kxf1
Kc8 40. Ke2 Kb7 41. Kd3 Ka6 42. Kc4 Kxa5 43. Kc5 Ka6 44. Kc6 Ka5 45. f4 f6 46.
g4 Ka6 47. g5 fxg5 48. fxg5 e5 49. h5 1-0

[Event "Quebec-ch intercoll."]
[Site "Rimouski CAN"]
[Date "1996.04.07"]
[Round "6"]
[White "Pilote, Stephane"]
[Black "Bapirani, Ahmad"]
[Result "1/2-1/2"]
[WhiteElo "1390"]
[BlackElo "1551"]
[PlyCount "80"]
[EventDate "1996.04.05"]
[EventType "swiss"]
[EventRounds "6"]
[EventCountry "CAN"]

1. e4 e5 2. Nf3 Nc6 3. Nc3 Nf6 4. Bc4 Be7 5. Nd5 Nxe4 6. d3 Nf6 7. O-O O-O 8.
Nxf6+ Bxf6 9. Be3 d6 10. Nd2 a6 11. c3 Bg5 12. Qf3 Bxe3 13. Qxe3 Kh8 14. d4
exd4 15. cxd4 Bf5 16. a3 Qd7 17. d5 Ne5 18. Qb3 b5 19. Be2 Rfe8 20. Rfe1 f6 21.
f4 Nf7 22. Bf3 Rxe1+ 23. Rxe1 Nd8 24. Qe3 Nb7 25. b4 Bg6 26. Qe7 Rd8 27. Qxd7
Rxd7 28. f5 Bf7 29. Nf1 Kg8 30. Ng3 Kf8 31. Bh5 Re7 32. Rxe7 Kxe7 33. Bxf7 Kxf7
34. Ne4 Ke7 35. Kf2 Kd7 36. g4 c6 37. g5 cxd5 38. gxf6 gxf6 39. Nxf6+ Ke7 40.
Nxd5+ Kf7 1/2-1/2